Zpráva o 15. společné schůzi Sněmovny lidu a Sněmovny národů 6. volební období. 14.-17.5., 21.-24.5., 28.-31.5.1991

Enregistré dans:
Détails bibliographiques
Format: Livre
Langue:tchèque
Publié: Praha Fed. shromáždění 1991
Édition:1. vyd.
Tags: Ajouter un tag
Pas de tags, Soyez le premier à ajouter un tag!

MARC

LEADER 00000nam a2200000 4500
001 c023440
005 20221214095451.6
041 0 |a cze 
044 |a CZ 
245 1 0 |a Zpráva o 15. společné schůzi Sněmovny lidu a Sněmovny národů  |b 6. volební období. 14.-17.5., 21.-24.5., 28.-31.5.1991 
250 |a 1. vyd. 
264 1 |a Praha  |b Fed. shromáždění  |c 1991 
300 |a 9 zv.